El Gernika de Picasso / Josep Palau i Fabre
ISBN:
978-84-9803-269-7
Descripción Física:
237 p., 1 f. plegat : il. ; 24 cm
Otros Autores:
Picasso, Pablo, 1881-1973
MARC
| LEADER | 00000nam a2200000Ia 4500 | ||
|---|---|---|---|
| 001 | 20537 | ||
| 008 | 160829s2007 xx 000 0 cat d | ||
| 020 | |a 978-84-9803-269-7 | ||
| 080 | |a B-2-151 | ||
| 100 | |a Palau i Fabre, Josep, |d 1917-2008 |9 20190 | ||
| 245 | |a El Gernika de Picasso / Josep Palau i Fabre | ||
| 260 | |a Barcelona : |b Diputació de Barcelona, |c 2007 | ||
| 300 | |a 237 p., 1 f. plegat : |b il. ; |c 24 cm | ||
| 590 | |a Bibliografia. | ||
| 590 | |a Text en català, castellà, anglès i francès | ||
| 600 | 0 | |9 53616 |a Picasso, Pablo, |d 1881-1973 | |
| 650 | |a Picasso, Pablo. Guernica |9 43626 | ||
| 650 | |a Picasso, Pablo |x Crítica i interpretació |9 43627 | ||
| 650 | |a Espanya |x Història |x 1936-1939, Guerra Civil |x Art i guerra, [revolució, etc.] I |9 43628 | ||
| 650 | |a Art |x Aspectes polítics |x Espanya |x Història |x S. XX |9 43629 | ||
| 700 | |a Picasso, Pablo, |9 53616 |d 1881-1973 | ||
| 901 | |a Arxiu | ||
| 942 | |n 1 |2 udc | ||
| 952 | |0 0 |1 0 |4 0 |6 B2151 |7 1 |9 54824 |a Arxiu |b Arxiu |d 2016-12-01 |l 0 |o B-2-151 |p 20537 |r 2016-12-01 00:00:00 |w 2016-12-01 |y ARXIU | ||
| 999 | |c 58694 |d 58694 | ||